Générique Danny Fantôme - Paroles - Statistiques

Statistiques générales
  • Ce quiz a été pris 34 fois
  • Le résultat moyen est 24 sur 33
Statistiques - réponses
Paroles % Correct
Danny {Fantôme}
100%
C'est un {fantôme}
97%
Il traverse les {murs}
90%
Il va chasser les {fantômes}
90%
Ses cheveux sont tout {blanc}
90%
Car c'est lui, Danny {Fantôme}
87%
Car c'est lui, Danny {Fantôme}
87%
Et ses yeux tout {vert}
87%
Il n'est plus le {même}
87%
Car c'est lui, Danny {Fantôme}
83%
Danny {Fantôme}
83%
La porte d'un {monde}
83%
Yo ! Danny Fantôme est tout juste {ado}
83%
Il ne vit que pour {ca}
80%
Pour toi et {moi}
80%
Une bien étrange {machine}
80%
Et à son {réveil}
77%
Et maintenant pour {lui}
73%
C'est l'ado le plus cool de l'{école}
67%
Disparaît et {vole}
67%
Que personne n'{imagine}
67%
Alors Danny a décidé d'{essayer}
63%
Quand ses parents {inventent}
63%
Ca n'a pas {marché}
60%
Tout est devenu très {clair}
60%
Il va tous les {avoir}
57%
Il va tous les {avoir}
53%
Il va tous les {avoir}
53%
Ses vieux se sont {barrés}
53%
Y'a eu comme un grand {flash}
50%
Tout s'est {transformé}
47%
C'est son {combat}
43%
Ses molécules se sont {réarrangées}
43%
Aucun quiz correspondant
Distribution des résultats
% des personnes avec chaque résultat
Percentile par nombre de réponses
Votre historique - résultats
Vous n’avez pas pris ce quiz